The Human Condition : The Supplements /

Αποθηκεύτηκε σε:
Λεπτομέρειες βιβλιογραφικής εγγραφής
Άλλοι συγγραφείς: Kobayashi, Masaki (autor) (autor), Nakadai, Tatsuya (autor) (autor), Shinoda, Masahiro (autor) (autor), Shinoda, Masahiro (entrevista) (entrevista), Gross, Marty (entrevista) (entrevista), Gross, Marty (realización) (realización), Tsui, Curtis (producción) (producción), Becker, Peter (producción ejecutiva) (producción ejecutiva), Tsumura, Kazuhiko (fotógrafo) (fotógrafo), Rowley, Paul (montaje) (montaje), Kemp, Philip (texto del folleto) (texto del folleto)
Μορφή: Διαφάνειες
Γλώσσα:Ιαπωνικά
Έκδοση: Tokio, Japón : Nihon Eiga Kantoku Kyōkai, 1993
Έκδοση:Edición especial
Σειρά:(Criterion Collection ; 480/4)
Θέματα:
Ετικέτες: Προσθήκη ετικέτας
Δεν υπάρχουν, Καταχωρήστε ετικέτα πρώτοι!

MARC

LEADER 00000ngm^a2200000^a^4500
001 000415750
005 20251020000000.0
009 20260310122306.95
020 |a 978-1-60465-104-1 
037 |a Acervo ITESO - Biblioteca 
041 |a JAP 
082 |a 808. 8  |b CRI V. 480 T. 4 
240 1 5 |a [The Human Condition] 
245 1 4 |a The Human Condition :  |b The Supplements / 
246 2 |a Título en México: no conocido/no identificado 
246 2 |a Título alternativo en español (España): no conocido/no identificado 
250 |a Edición especial 
264 4 |a Tokio, Japón :  |b Nihon Eiga Kantoku Kyōkai,  |c 1993 
264 2 |a Nueva York, EUA :  |b Criterion Collection [distribución],  |c 2009, c2009 
300 |a 1 DVD región 1 (14, 18, 25 min.) :  |b color +  |e 1 folleto (12 p.) 
336 |a imagen móvil bidimensional  |b tdi  |2 rdacontenido 
337 |a video  |b v  |2 rdamedio 
338 |a videodisco  |b vd  |2 rdasoporte 
440 1 |a (Criterion Collection ;  |v 480/4) 
649 |a XX 
650 |a Cineastas Japoneses -  |x Entrevistas 
650 |a Actores Japoneses -  |x Entrevistas 
650 |a Cine Japonés -  |x Historia y Crítica 
650 |a Cine Japonés -  |y 1950-1959 
650 |a Cine Japonés -  |y 1960-1969 
650 |a Cine Japonés -  |y Siglo XX 
650 |a Kobayashi, Masaki -  |x Tema Principal 
650 |a Nakadai, Tatsuya 
650 |a Shinoda, Masahiro 
740 0 |a [Excerpted Interview with Masaki Kobayashi for The Directors Guild of Japan] /  |c M. Kobayashi ; entrevistado por M. Shinoda. 
740 0 |a Tatsuya Nakadai on The Human Condition /  |c T. Nakadai ; entrevistado por y realización de M. Gross ; prod. de C. Tsui ; prod. ejecutiva de P. Becker... [et al.]. 
740 0 |a Masahiro Shinoda on The Human Condition /  |c T. Nakadai ; entrevistado por y realización de M. Gross ; prod. de C. Tsui ; prod. ejecutiva de P. Becker... [et al.]. 
740 4 |a The Prisoner /  |c Texto del folleto de P. Kemp. 
700 |a Kobayashi, Masaki  |e (autor) 
700 |a Nakadai, Tatsuya  |e (autor) 
700 |a Shinoda, Masahiro  |e (autor) 
700 |a Shinoda, Masahiro  |e (entrevista) 
700 |a Gross, Marty  |e (entrevista) 
700 |a Gross, Marty  |e (realización) 
700 |a Tsui, Curtis  |e (producción) 
700 |a Becker, Peter  |e (producción ejecutiva) 
700 |a Tsumura, Kazuhiko  |e (fotógrafo) 
700 |a Rowley, Paul  |e (montaje) 
700 |a Kemp, Philip  |e (texto del folleto) 
910 |a Fondo General 
920 |a Audiovisuales - DVDs 
940 |a Películas 
905 |a 308 
901 |a 0500325146  |b IT2  |c DVR  |i C161306  |u 20250521 
901 |a 0500325147  |b IT2  |c MIN  |i C161307  |u 20251020 
902 |a https://opac.biblio.iteso.mx/vufind/Record/000415750